Loading...
Philosophy | 1 | 4 | 0 | 1 | 55 | 61 | 98.20 | 1 | 2 |
Social Science | 0 | 5 | 0 | 0 | 50 | 78 | 112.60 | 0 | 1 |
History - US History | 0 | 3 | 0 | 0 | 30 | 107 | 113.33 | 0 | 2 |
Beliefs | 0 | 2 | 0 | 1 | 20 | 121 | 140.50 | 0 | 1 |
Science - Chemistry | 0 | 2 | 0 | 1 | 20 | 113 | 127.00 | 0 | 1 |
Science - Physics | 0 | 2 | 0 | 2 | 20 | 133 | 137.50 | 0 | 0 |
Literature - European Literature | 0 | 2 | 1 | 0 | 15 | 134 | 140.00 | 0 | 0 |
Other Academic | 1 | 0 | 0 | 0 | 15 | 12 | 12.00 | 1 | 1 |
History - European History | 0 | 1 | 0 | 0 | 10 | 135 | 135.00 | 0 | 1 |
Science - Astronomy | 0 | 1 | 0 | 1 | 10 | 141 | 141.00 | 0 | 0 |
Science - Biology | 0 | 1 | 0 | 0 | 10 | 96 | 96.00 | 0 | 0 |
Fine Arts - Classical Music and Opera | 0 | 1 | 0 | 0 | 10 | 166 | 166.00 | 0 | 0 |
Science - Earth Science | 0 | 1 | 0 | 0 | 10 | 107 | 107.00 | 0 | 1 |
Science - Other Science | 0 | 2 | 2 | 0 | 10 | 121 | 125.50 | 0 | 0 |
Fine Arts - Visual Fine Arts | 0 | 1 | 1 | 0 | 5 | 142 | 142.00 | 0 | 0 |
Literature - American Literature | 0 | 1 | 2 | 0 | 0 | 120 | 120.00 | 0 | 0 |
Geography | 0 | 0 | 1 | 0 | -5 | 0.00 | 0 | 0 | |
Fine Arts - Other Fine Arts | 0 | 0 | 1 | 0 | -5 | 0.00 | 0 | 0 | |
History - Other History | 0 | 0 | 1 | 0 | -5 | 0.00 | 0 | 0 | |
Modern World | 0 | 0 | 2 | 0 | -10 | 0.00 | 0 | 0 |